000 01168cam a2200337 a 4500
001 10301
003 BD-RjUL
005 20211208234930.0
008 140123s1981 nyua b 001 0 eng
020 _a0471035580
035 _a(BD-RjUL)10349
040 _aDLC
_cDLC
_dDLC
_dBD-RjUL
_beng
041 _aeng
082 0 0 _a541.394
_219
_bMOK 1981
100 1 _aMoore, John W.
_931819
245 1 0 _aKinetics and mechanism /
_cJohn W. Moore.
250 _a3rd ed.
260 _aNew York :
_bWiley,
_cc1981.
300 _axv, 455 p. :
_bill. ;
_c24 cm.
500 _aRevision of: 2nd ed. / Arthur A. Frost, Ralph G. Pearson. 1961.
500 _aA Wiley-Interscience publication."
504 _aIncludes bibliographical references and index.
650 0 _aChemical kinetics.
_931820
700 1 _aPearson, Ralph G.
_931437
700 1 _aFrost, Arthur Atwater,
_d1909-
_tKinetics and mechanism.
_931821
856 4 2 _3Publisher description
_uhttp://www.loc.gov/catdir/description/wiley031/81000981.html
856 4 _3Table of Contents
_uhttp://www.loc.gov/catdir/toc/onix01/81000981.html
942 _2ddc
_cBK
999 _c10301
_d10301